The oxford India Hinduism reader / (Record no. 37737)

MARC details
000 -LEADER
fixed length control field 00815nam a22002177a 4500
005 - DATE AND TIME OF LATEST TRANSACTION
control field 20100726142925.0
010 ## - LCCN (DPL NO)
LC control number ENG-96822
020 ## - INTERNATIONAL STANDARD BOOK NUMBER
International Standard Book Number 9780198062462
Terms of availability 345.00
020 ## - INTERNATIONAL STANDARD BOOK NUMBER
International Standard Book Number 019806246X
035 ## - SYSTEM CONTROL NUMBER
System control number EN-80355
037 ## - SOURCE OF ACQUISITION
Source of stock number/acquisition DBAD/PUB
082 ## - DEWEY DECIMAL CLASSIFICATION NUMBER
Classification number 181.41
245 ## - TITLE STATEMENT
Title The oxford India Hinduism reader /
Statement of responsibility, etc edited by Vasudha Dalmia [and] Heinrich Von Stietencron
260 ## - PUBLICATION, DISTRIBUTION, ETC. (IMPRINT)
Place of publication, distribution, etc New Delhi
Name of publisher, distributor, etc oxford university press
Date of publication, distribution, etc 2009
270 ## - ADDRESS
Address YMCA Library Building, Jai Singh Road
Postal code 110001
300 ## - PHYSICAL DESCRIPTION
Extent vi, 397 p
Dimensions 20 cm (pbk)
700 ## - ADDED ENTRY--PERSONAL NAME
Personal name Dalmia, Vasudha
9 (RLIN) 1501
700 ## - ADDED ENTRY--PERSONAL NAME
Personal name Stietencron, Heinrich Von
9 (RLIN) 1502
942 ## - ADDED ENTRY ELEMENTS (KOHA)
Source of classification or shelving scheme Dewey Decimal Classification
Item type English Books
Classification part 181.41
Call number suffix OXF
Holdings
Withdrawn status Lost status Not for loan Collection code Home library Current library Date acquired Source of acquisition Cost, normal purchase price Full call number Barcode Copy number Cost, replacement price Koha item type
    Not For Loan Non-fiction D.B.Act.Division D.B.Act.Division 26/07/2010 DBAD/PUB 345.00 181.41 OXF EN-80355 1 345.00 English Books

© Delhi Public Library
Hit Counter
free hit counter